Statistieken voor Landen die beginnen met E

Klik hier om de quiz te nemen!

Algemene statistieken

  • Deze quiz is 4.462 keer genomen
    (3.921 sinds de laatste reset)
  • De gemiddelde score is 5 van 8

Antwoordstatistieken

Land% Correct
Estland
90%
Ecuador
79%
Eritrea
73%
Ethiopië
68%
Egypte
54%
Eswatini
53%
El Salvador
49%
Equatoriaal-Guinea
45%

Scoreverdeling

Percentiel versus Aantal Correcte Antwoorden

Procent van Mensen met Elke Score

Uw Scoregeschiedenis

U heeft deze quiz nog niet genomen sinds de laatste reset